Kríza bánk je odzrkadlením všeobecnej ekonomickej krízy. Slovenské bankovníctvo očami zahraničných expertov.

Výsledky analýzy stavu bankového systému na Slovensku expertmi medzinárodných inštitúcií, problémy splnenia cieľov reformy finančnej sústavy: legislatíva, regulácia a revízia, štátne a súkromné banky, ohrozenie pôžičiek kapitálového základu bánk, nejasná bytová politika, zvýhodnenie pôžičiek, inform...

Descrizione completa

Salvato in:
Dettagli Bibliografici
Autore principale: Klimešová, E.
Natura: Capitolo di libro
Lingua:slovacco
Soggetti:
Tags: Aggiungi Tag
Nessun Tag, puoi essere il primo ad aggiungerne!!

MARC

LEADER 00000naa a2200000 4500
001 r013009
005 20221214064910.0
041 0 |a slo 
044 |a SK 
245 1 0 |a Kríza bánk je odzrkadlením všeobecnej ekonomickej krízy.  |b Slovenské bankovníctvo očami zahraničných expertov.  |c E. Klimešová 
520 |a Výsledky analýzy stavu bankového systému na Slovensku expertmi medzinárodných inštitúcií, problémy splnenia cieľov reformy finančnej sústavy: legislatíva, regulácia a revízia, štátne a súkromné banky, ohrozenie pôžičiek kapitálového základu bánk, nejasná bytová politika, zvýhodnenie pôžičiek, informácie finančného charakteru nedostatočné. 
610 2 0 |a bankovníctvo 
610 2 0 |a banky 
610 2 0 |a Slovensko 
610 2 0 |a sústava finančná 
100 1 |a Klimešová, E.